Stemmi Squadre di calcio dal dettaglio - Italia - Quiz n°8 - Statistics

Statistiche generali
  • Questo quiz è stato fatto 18 volte
  • Il punteggio medio è 7 su 9
Statistiche sulle risposte
con Immagini Risposta % Corretto
Cagliari
100%
Milan
100%
Torino
100%
Inter
89%
Lecce
89%
Padova
89%
Vicenza
89%
Juve Stabia
72%
Fanfulla
11%
Nessun quiz corrispondente trovato
Distribuzione punteggi
Percentuale di utenti per punteggio
Percentile per numero di risposta
I tuoi punteggi nel tempo
Non hai fatto questo quiz